00564nam a2200169 4500003001100000005001700011008004100028020001500069040003900084041000800123082001600131100002800147245011900175260003900294300002400333650003700357LK-CoMWRAF20231207120951.0231125b2002 |||||||| |||| 00| 0 eng d a9559151142 aLK-CoMWRAFdLK-CoMWRAFeLK-CoMWRAF aeng a348.04bHUS aHussain, M. S. Mohammed aHussain's complete digest of case law of Sri Lanka : 1820-2000, bVol-7 Code of Criminal Procedure to Constitution aKandy :bArafa (Pvt.) Ltd., c2002 aviii, 739 p.; 26 cm aLaw reports, digests, -Sri Lanka